[Event "Stay Safe Play From Home 281"]
[Site "Emanuel Lasker Arena"]
[Date "2020.07.06"]
[Round "5"]
[White "Lamborghini"]
[Black "Muralikrishna"]
[Result "1-0"]
[WhiteElo "2207"]
[BlackElo "1780"]
[PlyCount "45"]
[EventDate "2020.07.06"]
[EventType "swiss (blitz)"]

1. e4 {[%emt 0:00:01]} Nc6 {[%emt 0:00:00]} 2. d4 {[%emt 0:00:01]} e5 {[%emt 0:00:00]} 3. d5 {[%emt 0:00:01]} Nce7 {[%emt 0:00:00]} 4. h4 {[%emt 0:00:01]} Nf6 {[%emt 0:00:00]} 5. Nc3 {[%emt 0:00:02]} h5 {[%emt 0:00:01]} 6. g3 {[%emt 0:00:02]} Ng6 {[%emt 0:00:01]} 7. f3 {[%emt 0:00:01]} Bc5 {[%emt 0:00:02]} 8. Bg5 {[%emt 0:00:03]} d6 {[%emt 0:00:03]} 9. Nge2 {[%emt 0:00:01]} c6 {[%emt 0:00:03]} 10. Qd2 {[%emt 0:00:01]} Qb6 {[%emt 0:00:02]} 11. O-O-O {[%emt 0:00:02]} Nh7 {[%emt 0:00:03]} 12. Na4 {[%emt 0:00:03]} Qb4 {[%emt 0:00:02]} 13. Nxc5 {[%emt 0:00:02]} Qxc5 {[%emt 0:00:00]} 14. Be3 {[%emt 0:00:01]} Qc4 {[%emt 0:00:03]} 15. Nc3 {[%emt 0:00:01]} Qb4 {[%emt 0:00:01]} 16. dxc6 {[%emt 0:00:01]} bxc6 {[%emt 0:00:01]} 17. Qxd6 {[%emt 0:00:01]} Be6 {[%emt 0:00:01]} 18. Qxb4 {[%emt 0:00:01]} Nf6 {[%emt 0:00:05]} 19. Bc4 {[%emt 0:00:02]} Bxc4 {[%emt 0:00:02]} 20. Qxc4 {[%emt 0:00:01]} O-O {[%emt 0:00:00]} 21. Bg5 {[%emt 0:00:01]} Nd7 {[%emt 0:00:01]} 22. Rxd7 {[%emt 0:00:02]} Rfc8 {[%emt 0:00:02]} 23. Rhd1 {[%emt 0:00:01] Muralikrishna resigns (Lag: Av=0.64s, max=0.9s)} 1-0

[Event "Stay Safe Play From Home 281"]
[Site "Emanuel Lasker Arena"]
[Date "2020.07.06"]
[Round "5"]
[White "VotaryRoma"]
[Black "Mepe_Nika"]
[Result "0-1"]
[WhiteElo "2156"]
[BlackElo "2398"]
[PlyCount "134"]
[EventDate "2020.07.06"]
[EventType "swiss (blitz)"]

1. Nf3 {[%emt 0:00:04]} d5 {[%emt 0:00:00]} 2. g3 {[%emt 0:00:00]} c6 {[%emt 0:00:00]} 3. Bg2 {[%emt 0:00:00]} Bf5 {[%emt 0:00:00]} 4. O-O {[%emt 0:00:00]} e6 {[%emt 0:00:00]} 5. d4 {[%emt 0:00:00]} Nf6 {[%emt 0:00:01]} 6. c4 {[%emt 0:00:00]} Be7 {[%emt 0:00:01]} 7. Nc3 {[%emt 0:00:00]} O-O {[%emt 0:00:00]} 8. cxd5 {[%emt 0:00:00]} cxd5 {[%emt 0:00:01]} 9. Ne5 {[%emt 0:00:00]} Nc6 {[%emt 0:00:01]} 10. Bg5 {[%emt 0:00:01]} Nxe5 {[%emt 0:00:02]} 11. dxe5 {[%emt 0:00:00]} Nd7 {[%emt 0:00:00]} 12. Bxe7 {[%emt 0:00:00]} Qxe7 {[%emt 0:00:00]} 13. f4 {[%emt 0:00:01]} a6 {[%emt 0:00:01]} 14. Kh1 {[%emt 0:00:01]} Rac8 {[%emt 0:00:01]} 15. h3 {[%emt 0:00:01]} Nc5 {[%emt 0:00:04]} 16. g4 {[%emt 0:00:03]} Be4 {[%emt 0:00:01]} 17. Bxe4 {[%emt 0:00:02]} Nxe4 {[%emt 0:00:00]} 18. Nxe4 {[%emt 0:00:00]} dxe4 {[%emt 0:00:00]} 19. Qd4 {[%emt 0:00:02]} Qh4 {[%emt 0:00:01]} 20. Kg2 {[%emt 0:00:04]} Rc2 {[%emt 0:00:01]} 21. Qxe4 {[%emt 0:00:01]} Rxb2 {[%emt 0:00:01]} 22. Rfb1 {[%emt 0:00:02]} Rxb1 {[%emt 0:00:03]} 23. Rxb1 {[%emt 0:00:00]} b5 {[%emt 0:00:00]} 24. Rc1 {[%emt 0:00:01]} Qe7 {[%emt 0:00:06]} 25. Qd4 {[%emt 0:00:01]} Qa3 {[%emt 0:00:01]} 26. Rc2 {[%emt 0:00:03]} h6 {[%emt 0:00:01]} 27. Qc5 {[%emt 0:00:01]} Qa4 {[%emt 0:00:03]} 28. Qc3 {[%emt 0:00:02]} Qxf4 {[%emt 0:00:02]} 29. Qf3 {[%emt 0:00:04]} Qxe5 {[%emt 0:00:01]} 30. Rd2 {[%emt 0:00:02]} b4 {[%emt 0:00:05]} 31. Rd7 {[%emt 0:00:01]} a5 {[%emt 0:00:01]} 32. Rb7 {[%emt 0:00:02]} Qd5 {[%emt 0:00:02]} 33. Qxd5 {[%emt 0:00:01]} exd5 {[%emt 0:00:00]} 34. Kf3 {[%emt 0:00:00]} Re8 {[%emt 0:00:02]} 35. e3 {[%emt 0:00:01]} Rd8 {[%emt 0:00:02]} 36. Rb5 {[%emt 0:00:01]} d4 {[%emt 0:00:01]} 37. exd4 {[%emt 0:00:00]} Rxd4 {[%emt 0:00:00]} 38. Rxa5 {[%emt 0:00:00]} Rd3+ {[%emt 0:00:00]} 39. Kg2 {[%emt 0:00:01]} b3 {[%emt 0:00:00]} 40. axb3 {[%emt 0:00:01]} Rxb3 {[%emt 0:00:00]} 41. Ra8+ {[%emt 0:00:00]} Kh7 {[%emt 0:00:00]} 42. Ra7 {[%emt 0:00:00]} f6 {[%emt 0:00:00]} 43. Kh2 {[%emt 0:00:01]} Kg6 {[%emt 0:00:01]} 44. Ra5 {[%emt 0:00:01]} Re3 {[%emt 0:00:02]} 45. Kg2 {[%emt 0:00:01]} Re5 {[%emt 0:00:00]} 46. Ra4 {[%emt 0:00:01]} h5 {[%emt 0:00:00]} 47. Kg3 {[%emt 0:00:01]} hxg4 {[%emt 0:00:01]} 48. hxg4 {[%emt 0:00:00]} Rg5 {[%emt 0:00:01]} 49. Kh4 {[%emt 0:00:01]} Re5 {[%emt 0:00:01]} 50. Ra8 {[%emt 0:00:01]} Re6 {[%emt 0:00:01]} 51. Kh3 {[%emt 0:00:01]} Re4 {[%emt 0:00:01]} 52. Kg2 {[%emt 0:00:00]} Rxg4+ {[%emt 0:00:01]} 53. Kf3 {[%emt 0:00:00]} Rg5 {[%emt 0:00:00]} 54. Ra6 {[%emt 0:00:01]} Rf5+ {[%emt 0:00:00]} 55. Kg4 {[%emt 0:00:01]} Rg5+ {[%emt 0:00:00]} 56. Kf4 {[%emt 0:00:00]} Re5 {[%emt 0:00:00]} 57. Ra8 {[%emt 0:00:01]} Rf5+ {[%emt 0:00:00]} 58. Ke4 {[%emt 0:00:01]} Re5+ {[%emt 0:00:00]} 59. Kd4 {[%emt 0:00:00]} Kf5 {[%emt 0:00:00]} 60. Ra7 {[%emt 0:00:00]} g5 {[%emt 0:00:00]} 61. Rg7 {[%emt 0:00:00]} Re4+ {[%emt 0:00:00]} 62. Kd3 {[%emt 0:00:01]} Rf4 {[%emt 0:00:00]} 63. Kd2 {[%emt 0:00:00]} Kg4 {[%emt 0:00:00]} 64. Rh7 {[%emt 0:00:00]} f5 {[%emt 0:00:00]} 65. Rh5 {[%emt 0:00:00]} Rf3 {[%emt 0:00:00]} 66. Rh6 {[%emt 0:00:00]} Rg3 {[%emt 0:00:01]} 67. Rh8 {[%emt 0:00:01]} Rg2+ {[%emt 0:00:00] Time (Lag: Av=0.44s, max=1.6s)} 0-1

[Event "Stay Safe Play From Home 281"]
[Site "Emanuel Lasker Arena"]
[Date "2020.07.06"]
[Round "5"]
[White "NeatFox"]
[Black "Scorpio New"]
[Result "0-1"]
[WhiteElo "1933"]
[BlackElo "2111"]
[PlyCount "114"]
[EventDate "2020.07.06"]
[EventType "swiss (blitz)"]

1. g4 {[%emt 0:00:01]} d6 {[%emt 0:00:01]} 2. Bg2 {[%emt 0:00:00]} Nd7 {[%emt 0:00:01]} 3. c4 {[%emt 0:00:00]} c6 {[%emt 0:00:00]} 4. Qb3 {[%emt 0:00:02]} Qc7 {[%emt 0:00:01]} 5. d4 {[%emt 0:00:00]} g6 {[%emt 0:00:00]} 6. h4 {[%emt 0:00:01]} Bg7 {[%emt 0:00:01]} 7. g5 {[%emt 0:00:00]} e5 {[%emt 0:00:01]} 8. e3 {[%emt 0:00:00]} Ne7 {[%emt 0:00:01]} 9. dxe5 {[%emt 0:00:01]} dxe5 {[%emt 0:00:00]} 10. Nc3 {[%emt 0:00:02]} Nf5 {[%emt 0:00:01]} 11. Nf3 {[%emt 0:00:01]} a5 {[%emt 0:00:02]} 12. Bd2 {[%emt 0:00:01]} Nc5 {[%emt 0:00:01]} 13. Qd1 {[%emt 0:00:01]} Nd3+ {[%emt 0:00:01]} 14. Kf1 {[%emt 0:00:01]} Nxb2 {[%emt 0:00:01]} 15. Qb3 {[%emt 0:00:01]} Nd3 {[%emt 0:00:01]} 16. Qc2 {[%emt 0:00:01]} Nc5 {[%emt 0:00:01]} 17. Rb1 {[%emt 0:00:01]} Nd6 {[%emt 0:00:01]} 18. a3 {[%emt 0:00:03]} Bf5 {[%emt 0:00:01]} 19. e4 {[%emt 0:00:02]} Ndxe4 {[%emt 0:00:01]} 20. Qb2 {[%emt 0:00:03]} Nxd2+ {[%emt 0:00:05]} 21. Qxd2 {[%emt 0:00:00]} Bxb1 {[%emt 0:00:01]} 22. Nxb1 {[%emt 0:00:00]} Rd8 {[%emt 0:00:02]} 23. Qc2 {[%emt 0:00:03]} e4 {[%emt 0:00:03]} 24. Nh2 {[%emt 0:00:03]} O-O {[%emt 0:00:02]} 25. Bxe4 {[%emt 0:00:01]} Qf4 {[%emt 0:00:03]} 26. Bf3 {[%emt 0:00:06]} Rfe8 {[%emt 0:00:02]} 27. Kg2 {[%emt 0:00:01]} Bd4 {[%emt 0:00:03]} 28. Nd2 {[%emt 0:00:02]} Be5 {[%emt 0:00:05]} 29. Nb3 {[%emt 0:00:05]} Nxb3 {[%emt 0:00:02]} 30. Qxb3 {[%emt 0:00:00]} Bb8 {[%emt 0:00:02]} 31. Rd1 {[%emt 0:00:02]} Qxh2+ {[%emt 0:00:02]} 32. Kf1 {[%emt 0:00:02]} Qh3+ {[%emt 0:00:01]} 33. Kg1 {[%emt 0:00:01]} Qxh4 {[%emt 0:00:02]} 34. Rxd8 {[%emt 0:00:02]} Rxd8 {[%emt 0:00:00]} 35. Qc2 {[%emt 0:00:02]} Re8 {[%emt 0:00:01]} 36. Bg2 {[%emt 0:00:01]} Qxg5 {[%emt 0:00:01]} 37. Kf1 {[%emt 0:00:00]} Qe5 {[%emt 0:00:01]} 38. Bf3 {[%emt 0:00:02]} Qe1+ {[%emt 0:00:01]} 39. Kg2 {[%emt 0:00:01]} Qe7 {[%emt 0:00:00]} 40. Qe4 {[%emt 0:00:01]} Qg5+ {[%emt 0:00:01]} 41. Qg4 {[%emt 0:00:00]} Qxg4+ {[%emt 0:00:00]} 42. Bxg4 {[%emt 0:00:00]} Re7 {[%emt 0:00:00]} 43. Kf3 {[%emt 0:00:00]} Bc7 {[%emt 0:00:00]} 44. Kg2 {[%emt 0:00:01]} b6 {[%emt 0:00:00]} 45. f3 {[%emt 0:00:00]} c5 {[%emt 0:00:00]} 46. Kf2 {[%emt 0:00:00]} h5 {[%emt 0:00:00]} 47. a4 {[%emt 0:00:00]} hxg4 {[%emt 0:00:00]} 48. Kg2 {[%emt 0:00:01]} g3 {[%emt 0:00:00]} 49. Kg1 {[%emt 0:00:01]} Bd8 {[%emt 0:00:00]} 50. Kg2 {[%emt 0:00:00]} Kg7 {[%emt 0:00:00]} 51. f4 {[%emt 0:00:00]} f6 {[%emt 0:00:00]} 52. f5 {[%emt 0:00:00]} g5 {[%emt 0:00:00]} 53. Kxg3 {[%emt 0:00:00]} Kf7 {[%emt 0:00:00]} 54. Kf3 {[%emt 0:00:00]} Ke8 {[%emt 0:00:00]} 55. Kg2 {[%emt 0:00:00]} Kd7 {[%emt 0:00:00]} 56. Kf3 {[%emt 0:00:00]} Bc7 {[%emt 0:00:00]} 57. Kg2 {[%emt 0:00:00]} Re8 {[%emt 0:00:00] Zeit (Lag: Av=0.34s, max=1.0s)} 0-1

[Event "Stay Safe Play From Home 281"]
[Site "Emanuel Lasker Arena"]
[Date "2020.07.06"]
[Round "5"]
[White "Bishop91"]
[Black "Robk"]
[Result "1-0"]
[WhiteElo "1687"]
[BlackElo "1580"]
[Annotator "NA"]
[PlyCount "53"]
[EventDate "2020.07.06"]
[EventType "swiss (blitz)"]

1. e4 {[%emt 0:00:01]} c5 {[%emt 0:00:02]} 2. Nf3 {[%emt 0:00:00]} e6 {[%emt 0:00:01]} 3. d4 {[%emt 0:00:00]} cxd4 {[%emt 0:00:02]} 4. Nxd4 {[%emt 0:00:00]} Nc6 {[%emt 0:00:01]} 5. c3 {[%emt 0:00:00]} Nxd4 {[%emt 0:00:02]} 6. cxd4 {[%emt 0:00:01]} d5 {[%emt 0:00:00]} 7. e5 {[%emt 0:00:01]} Ne7 {[%emt 0:00:01]} 8. Be3 {[%emt 0:00:02]} Nc6 {[%emt 0:00:00]} 9. Bd3 {[%emt 0:00:00]} Bd7 {[%emt 0:00:00]} 10. Nc3 {[%emt 0:00:00]} Be7 {[%emt 0:00:01]} 11. O-O {[%emt 0:00:00]} O-O {[%emt 0:00:01]} 12. f4 {[%emt 0:00:00]} a6 {[%emt 0:00:01]} 13. Qh5 {[%emt 0:00:05]} g6 {[%emt 0:00:04]} 14. Qh3 {[%emt 0:00:01]} Re8 {[%emt 0:00:01]} 15. Ne2 {[%emt 0:00:03]} Bf8 {[%emt 0:00:01]} 16. Ng3 {[%emt 0:00:01]} Bg7 {[%emt 0:00:02]} 17. f5 {[%emt 0:00:01]} exf5 {[%emt 0:00:02]} 18. Nxf5 {[%emt 0:00:00]} Bxf5 {[%emt 0:00:04]} 19. Bxf5 {[%emt 0:00:00]} gxf5 {[%emt 0:00:05]} 20. Rxf5 {[%emt 0:00:00]} Ne7 {[%emt 0:00:07]} 21. Rh5 {[%emt 0:00:02]} Qc8 {[%emt 0:00:14]} 22. Qg3 {[%emt 0:00:09]} Ng6 {[%emt 0:00:05]} 23. Rf1 {[%emt 0:00:05]} Qe6 {[%emt 0:00:02]} 24. Bh6 {[%emt 0:00:03]} Rac8 {[%emt 0:00:01]} 25. Bxg7 {[%emt 0:00:01]} Kxg7 {[%emt 0:00:00]} 26. Rf6 {[%emt 0:00:01]} Kg8 {[%emt 0:00:00]} 27. Qe3 {[%emt 0:00:07] Time (Lag: Av=0.51s, max=1.1s)} 1-0

[Event "Stay Safe Play From Home 281"]
[Site "Emanuel Lasker Arena"]
[Date "2020.07.06"]
[Round "5"]
[White "Mandy"]
[Black "Grazie"]
[Result "0-1"]
[WhiteElo "922"]
[BlackElo "1800"]
[Annotator "NA"]
[PlyCount "46"]
[EventDate "2020.07.06"]
[EventType "swiss (blitz)"]

1. d4 {[%emt 0:00:03]} e6 {[%emt 0:00:00]} 2. Bf4 {[%emt 0:00:01]} d5 {[%emt 0:00:00]} 3. e3 {[%emt 0:00:01]} Bd6 {[%emt 0:00:00]} 4. Bg3 {[%emt 0:00:03]} Nf6 {[%emt 0:00:02]} 5. Nf3 {[%emt 0:00:01]} a6 {[%emt 0:00:00]} 6. c3 {[%emt 0:00:01]} Bxg3 {[%emt 0:00:01]} 7. fxg3 {[%emt 0:00:02]} h6 {[%emt 0:00:00]} 8. Bd3 {[%emt 0:00:02]} Nbd7 {[%emt 0:00:00]} 9. Nbd2 {[%emt 0:00:02]} O-O {[%emt 0:00:01]} 10. Qc2 {[%emt 0:00:01]} c5 {[%emt 0:00:00]} 11. O-O {[%emt 0:00:01]} b5 {[%emt 0:00:01]} 12. e4 {[%emt 0:00:02]} dxe4 {[%emt 0:00:01]} 13. Nxe4 {[%emt 0:00:02]} Nxe4 {[%emt 0:00:03]} 14. Bxe4 {[%emt 0:00:01]} Rb8 {[%emt 0:00:00]} 15. Ne5 {[%emt 0:00:03]} Nxe5 {[%emt 0:00:01]} 16. dxe5 {[%emt 0:00:02]} c4 {[%emt 0:00:01]} 17. Rad1 {[%emt 0:00:04]} Qb6+ {[%emt 0:00:01]} 18. Kh1 {[%emt 0:00:11]} Bb7 {[%emt 0:00:01]} 19. Bxb7 {[%emt 0:00:03]} Rxb7 {[%emt 0:00:01]} 20. Rfe1 {[%emt 0:00:04]} Qc5 {[%emt 0:00:01]} 21. Rd2 {[%emt 0:00:08]} Rbb8 {[%emt 0:00:02]} 22. Red1 {[%emt 0:00:01]} Qxe5 {[%emt 0:00:01]} 23. Rd8 {[%emt 0:00:02]} Rbxd8 {[%emt 0:00:02] Zeit (Lag: Av=0.57s, max=2.0s)} 0-1

[Event "Stay Safe Play From Home 281"]
[Site "Emanuel Lasker Arena"]
[Date "2020.07.06"]
[Round "6"]
[White "Mepe_Nika"]
[Black "Kubas"]
[Result "0-1"]
[WhiteElo "2405"]
[BlackElo "2427"]
[PlyCount "124"]
[EventDate "2020.07.06"]
[EventType "swiss (blitz)"]

1. d4 {[%emt 0:00:01]} g6 {[%emt 0:00:05]} 2. e4 {[%emt 0:00:01]} Bg7 {[%emt 0:00:00]} 3. Nf3 {[%emt 0:00:01]} d6 {[%emt 0:00:00]} 4. Bd3 {[%emt 0:00:01]} Nf6 {[%emt 0:00:00]} 5. c3 {[%emt 0:00:01]} O-O {[%emt 0:00:00]} 6. O-O {[%emt 0:00:00]} c6 {[%emt 0:00:01]} 7. a4 {[%emt 0:00:00]} Qc7 {[%emt 0:00:00]} 8. a5 {[%emt 0:00:01]} e5 {[%emt 0:00:01]} 9. Nbd2 {[%emt 0:00:01]} Nbd7 {[%emt 0:00:01]} 10. Nc4 {[%emt 0:00:00]} Rd8 {[%emt 0:00:01]} 11. h3 {[%emt 0:00:00]} Rb8 {[%emt 0:00:02]} 12. Qe2 {[%emt 0:00:01]} b5 {[%emt 0:00:01]} 13. axb6 {[%emt 0:00:01]} axb6 {[%emt 0:00:00]} 14. Bg5 {[%emt 0:00:02]} b5 {[%emt 0:00:01]} 15. Ne3 {[%emt 0:00:02]} Re8 {[%emt 0:00:01]} 16. Qd2 {[%emt 0:00:02]} Bb7 {[%emt 0:00:01]} 17. Bxf6 {[%emt 0:00:03]} Bxf6 {[%emt 0:00:02]} 18. Ng4 {[%emt 0:00:00]} Bg7 {[%emt 0:00:01]} 19. Nh6+ {[%emt 0:00:00]} Kf8 {[%emt 0:00:01]} 20. Ng4 {[%emt 0:00:01]} h5 {[%emt 0:00:01]} 21. Ne3 {[%emt 0:00:01]} exd4 {[%emt 0:00:04]} 22. Nxd4 {[%emt 0:00:02]} Nc5 {[%emt 0:00:01]} 23. Qc2 {[%emt 0:00:04]} Qe7 {[%emt 0:00:02]} 24. f3 {[%emt 0:00:02]} d5 {[%emt 0:00:02]} 25. Rfe1 {[%emt 0:00:03]} Nxd3 {[%emt 0:00:02]} 26. Qxd3 {[%emt 0:00:00]} dxe4 {[%emt 0:00:01]} 27. fxe4 {[%emt 0:00:00]} Qxe4 {[%emt 0:00:02]} 28. Qxe4 {[%emt 0:00:00]} Rxe4 {[%emt 0:00:01]} 29. Nec2 {[%emt 0:00:00]} Rxe1+ {[%emt 0:00:02]} 30. Rxe1 {[%emt 0:00:00]} c5 {[%emt 0:00:02]} 31. Nb3 {[%emt 0:00:01]} b4 {[%emt 0:00:02]} 32. Nxc5 {[%emt 0:00:02]} Bc6 {[%emt 0:00:05]} 33. cxb4 {[%emt 0:00:02]} Bxb2 {[%emt 0:00:03]} 34. Rb1 {[%emt 0:00:02]} Bc3 {[%emt 0:00:01]} 35. Kh1 {[%emt 0:00:02]} Kg7 {[%emt 0:00:01]} 36. Nd3 {[%emt 0:00:03]} Be4 {[%emt 0:00:01]} 37. Nde1 {[%emt 0:00:02]} Rb5 {[%emt 0:00:03]} 38. Rb3 {[%emt 0:00:02]} Bd2 {[%emt 0:00:01]} 39. Nd4 {[%emt 0:00:02]} Rxb4 {[%emt 0:00:01]} 40. Rxb4 {[%emt 0:00:01]} Bxb4 {[%emt 0:00:00]} 41. Nec2 {[%emt 0:00:00]} Bc3 {[%emt 0:00:01]} 42. Ne2 {[%emt 0:00:01]} Bxc2 {[%emt 0:00:01]} 43. Nxc3 {[%emt 0:00:01]} Bd3 {[%emt 0:00:00]} 44. Kg1 {[%emt 0:00:01]} Bf5 {[%emt 0:00:00]} 45. Kh2 {[%emt 0:00:01]} Kf6 {[%emt 0:00:00]} 46. g3 {[%emt 0:00:00]} h4 {[%emt 0:00:00]} 47. gxh4 {[%emt 0:00:01]} Ke5 {[%emt 0:00:00]} 48. Nd1 {[%emt 0:00:00]} Kf4 {[%emt 0:00:00]} 49. Nf2 {[%emt 0:00:00]} Be4 {[%emt 0:00:00]} 50. Nd1 {[%emt 0:00:00]} Kf3 {[%emt 0:00:00]} 51. Nc3 {[%emt 0:00:00]} Kf2 {[%emt 0:00:00]} 52. Na4 {[%emt 0:00:00]} Ke3 {[%emt 0:00:00]} 53. Nc5 {[%emt 0:00:00]} Bf3 {[%emt 0:00:00]} 54. Nd7 {[%emt 0:00:00]} Bh5 {[%emt 0:00:00]} 55. Ne5 {[%emt 0:00:00]} f5 {[%emt 0:00:00]} 56. Nf7 {[%emt 0:00:01]} f4 {[%emt 0:00:00]} 57. Ng5 {[%emt 0:00:00]} f3 {[%emt 0:00:00]} 58. Kg1 {[%emt 0:00:01]} f2+ {[%emt 0:00:00]} 59. Kf1 {[%emt 0:00:01]} Be2+ {[%emt 0:00:00]} 60. Kg2 {[%emt 0:00:00]} f1=Q+ {[%emt 0:00:00]} 61. Kh2 {[%emt 0:00:00]} Qf2+ {[%emt 0:00:00]} 62. Kh1 {[%emt 0:00:01]} Bf3+ {[%emt 0:00:00] Time (Lag: Av=0.45s, max=5.5s)} 0-1

[Event "Stay Safe Play From Home 281"]
[Site "Emanuel Lasker Arena"]
[Date "2020.07.06"]
[Round "6"]
[White "Lamborghini"]
[Black "AChessPlayer"]
[Result "1-0"]
[WhiteElo "2210"]
[BlackElo "2426"]
[PlyCount "29"]
[EventDate "2020.07.06"]
[EventType "swiss (blitz)"]

1. e4 {[%emt 0:00:02]} e5 {[%emt 0:00:00]} 2. Nf3 {[%emt 0:00:01]} Nc6 {[%emt 0:00:00]} 3. Bb5 {[%emt 0:00:01]} Nf6 {[%emt 0:00:00]} 4. O-O {[%emt 0:00:02]} Nxe4 {[%emt 0:00:00]} 5. Re1 {[%emt 0:00:01]} Nd6 {[%emt 0:00:00]} 6. Nxe5 {[%emt 0:00:01]} Be7 {[%emt 0:00:00]} 7. Qh5 {[%emt 0:00:01]} Nxe5 {[%emt 0:00:03]} 8. Qxe5 {[%emt 0:00:01]} Nxb5 {[%emt 0:00:06]} 9. Qxg7 {[%emt 0:00:01]} Rf8 {[%emt 0:00:03]} 10. a4 {[%emt 0:00:01]} Nd6 {[%emt 0:00:04]} 11. Nc3 {[%emt 0:00:01]} Nf5 {[%emt 0:00:01]} 12. Nd5 {[%emt 0:00:02]} f6 {[%emt 0:00:06]} 13. Qxh7 {[%emt 0:00:01]} d6 {[%emt 0:00:02]} 14. Qg6+ {[%emt 0:00:01]} Rf7 {[%emt 0:00:03]} 15. Nxf6+ {[%emt 0:00:02] AChessPlayer resigns (Lag: Av=0.57s, max=1.3s)} 1-0

[Event "Stay Safe Play From Home 281"]
[Site "Emanuel Lasker Arena"]
[Date "2020.07.06"]
[Round "6"]
[White "Scorpio New"]
[Black "SoulofWolf"]
[Result "0-1"]
[WhiteElo "2120"]
[BlackElo "2148"]
[PlyCount "134"]
[EventDate "2020.07.06"]
[EventType "swiss (blitz)"]

1. d3 {[%emt 0:00:02]} d5 {[%emt 0:00:00]} 2. Nd2 {[%emt 0:00:00]} Nf6 {[%emt 0:00:01]} 3. c3 {[%emt 0:00:00]} c5 {[%emt 0:00:01]} 4. Qc2 {[%emt 0:00:00]} Nc6 {[%emt 0:00:00]} 5. e4 {[%emt 0:00:00]} g6 {[%emt 0:00:00]} 6. Ngf3 {[%emt 0:00:00]} Bg7 {[%emt 0:00:00]} 7. g3 {[%emt 0:00:01]} O-O {[%emt 0:00:00]} 8. Bg2 {[%emt 0:00:01]} Qc7 {[%emt 0:00:01]} 9. O-O {[%emt 0:00:00]} e5 {[%emt 0:00:01]} 10. a4 {[%emt 0:00:01]} Re8 {[%emt 0:00:01]} 11. h4 {[%emt 0:00:01]} b6 {[%emt 0:00:01]} 12. Nh2 {[%emt 0:00:01]} h5 {[%emt 0:00:01]} 13. Ndf3 {[%emt 0:00:01]} d4 {[%emt 0:00:03]} 14. c4 {[%emt 0:00:01]} Nb4 {[%emt 0:00:01]} 15. Qe2 {[%emt 0:00:01]} Bd7 {[%emt 0:00:01]} 16. b3 {[%emt 0:00:01]} a6 {[%emt 0:00:01]} 17. Ba3 {[%emt 0:00:01]} Nc6 {[%emt 0:00:02]} 18. Nd2 {[%emt 0:00:01]} Ng4 {[%emt 0:00:01]} 19. Nxg4 {[%emt 0:00:01]} Bxg4 {[%emt 0:00:00]} 20. f3 {[%emt 0:00:00]} Be6 {[%emt 0:00:00]} 21. Kh2 {[%emt 0:00:01]} Qd7 {[%emt 0:00:01]} 22. f4 {[%emt 0:00:01]} exf4 {[%emt 0:00:01]} 23. gxf4 {[%emt 0:00:00]} f6 {[%emt 0:00:00]} 24. Qf2 {[%emt 0:00:01]} Bg4 {[%emt 0:00:01]} 25. Bf3 {[%emt 0:00:01]} Bh3 {[%emt 0:00:02]} 26. Bg2 {[%emt 0:00:01]} Bg4 {[%emt 0:00:01]} 27. Bf3 {[%emt 0:00:01]} Be6 {[%emt 0:00:01]} 28. Bg2 {[%emt 0:00:02]} Ne7 {[%emt 0:00:02]} 29. b4 {[%emt 0:00:02]} Rac8 {[%emt 0:00:01]} 30. bxc5 {[%emt 0:00:01]} bxc5 {[%emt 0:00:00]} 31. Rab1 {[%emt 0:00:00]} Qxa4 {[%emt 0:00:01]} 32. Bc1 {[%emt 0:00:03]} Qd7 {[%emt 0:00:02]} 33. Nf3 {[%emt 0:00:01]} Bg4 {[%emt 0:00:02]} 34. e5 {[%emt 0:00:01]} Nc6 {[%emt 0:00:02]} 35. exf6 {[%emt 0:00:03]} Bxf6 {[%emt 0:00:01]} 36. Bd2 {[%emt 0:00:02]} a5 {[%emt 0:00:02]} 37. Rbe1 {[%emt 0:00:02]} Nb4 {[%emt 0:00:01]} 38. Rxe8+ {[%emt 0:00:01]} Rxe8 {[%emt 0:00:00]} 39. Bxb4 {[%emt 0:00:00]} axb4 {[%emt 0:00:00]} 40. Ng5 {[%emt 0:00:01]} Re3 {[%emt 0:00:03]} 41. Bd5+ {[%emt 0:00:02]} Kg7 {[%emt 0:00:02]} 42. Ne4 {[%emt 0:00:02]} Rh3+ {[%emt 0:00:01]} 43. Kg2 {[%emt 0:00:01]} Bxh4 {[%emt 0:00:01]} 44. Qg1 {[%emt 0:00:05]} Bf5 {[%emt 0:00:02]} 45. Rf3 {[%emt 0:00:02]} Bxe4 {[%emt 0:00:01]} 46. Bxe4 {[%emt 0:00:00]} Rxf3 {[%emt 0:00:01]} 47. Kxf3 {[%emt 0:00:00]} Qh3+ {[%emt 0:00:01]} 48. Ke2 {[%emt 0:00:01]} Bf6 {[%emt 0:00:04]} 49. Qg2 {[%emt 0:00:00]} Qe6 {[%emt 0:00:01]} 50. Qf3 {[%emt 0:00:02]} Qe7 {[%emt 0:00:00]} 51. Kd2 {[%emt 0:00:00]} h4 {[%emt 0:00:01]} 52. Kc2 {[%emt 0:00:00]} g5 {[%emt 0:00:00]} 53. Qg2 {[%emt 0:00:00]} h3 {[%emt 0:00:01]} 54. fxg5 {[%emt 0:00:00]} Bxg5 {[%emt 0:00:01]} 55. Qf3 {[%emt 0:00:01]} Qf6 {[%emt 0:00:00]} 56. Qxf6+ {[%emt 0:00:01]} Kxf6 {[%emt 0:00:00]} 57. Bh1 {[%emt 0:00:00]} h2 {[%emt 0:00:00]} 58. Kb3 {[%emt 0:00:00]} Bf4 {[%emt 0:00:01]} 59. Ka4 {[%emt 0:00:00]} Bd6 {[%emt 0:00:00]} 60. Kb3 {[%emt 0:00:00]} Ke5 {[%emt 0:00:00]} 61. Bg2 {[%emt 0:00:00]} Be7 {[%emt 0:00:00]} 62. Bh1 {[%emt 0:00:00]} Bg5 {[%emt 0:00:00]} 63. Bg2 {[%emt 0:00:00]} Be3 {[%emt 0:00:00]} 64. Bh1 {[%emt 0:00:00]} Kf4 {[%emt 0:00:00]} 65. Bg2 {[%emt 0:00:00]} Kg3 {[%emt 0:00:00]} 66. Bh1 {[%emt 0:00:00]} Bf4 {[%emt 0:00:00]} 67. Be4 {[%emt 0:00:00]} Bd6 {[%emt 0:00:00] Tempo (Lag: Av=0.45s, max=4.4s)} 0-1